000
00284nam a2200121Ia 4500
005
20251222144710.0
008
251222s9999||||xx |||||||||||||| ||spa||
082
_a
415/F43/Ej.2
100
_a
Ferrell, Marco
245
0
_a
Manual de uso Idiomático:
250
_a
2a.ed.
942
_c
LIB
999
_c
17794
_d
17794